000 00631nam a2200205 a 4500
005 20210223122820.0
008 991125s1995 mx 000 0 spa u
020 _a9688181420
035 _aUPN01000042105
049 _aCG
050 4 _aKGC1407
_bR4.5
100 1 _aReyes Tayabas, Jorge
245 1 3 _aEl nuevo régimen sobre la privación de la libertad en procedimientos penales /
_cJorge Reyes Tayabas.
260 _aMéxico :
_bPGR,
_c1995.
300 _a141 p.
650 4 _aJUSTICIA PENAL -
_xADMINISTRACION
_97580
650 4 _aDERECHO PENAL -
_zMEXICO
_99888
650 4 _aPROCEDIMIENTOS PENALES
_913306
905 _aLibro
999 _c42105
_d42105